Statistics for Top 300 Baby Girl Names 2011 in Northern Ireland - Alphabetical

Click here to take the quiz!

General Stats

  • This quiz has been taken 63 times
  • The average score is 136 of 310

Answer Stats

% Correct
277AAnn
87%
14AAnna
83%
154EEliza
83%
127MMary
83%
277AAbbey
80%
36AAbbie
80%
246AAbby
80%
180AAbi
80%
224EEmilie
80%
3EEmily
80%
135LLillie
80%
106LLilly
80%
5LLily
80%
39AAbigail
77%
118CCatherine
77%
78EElizabeth
77%
16EEmma
77%
189HHanna
77%
22HHannah
77%
168KKatherine
77%
246KKathryn
77%
8OOlivia
77%
33AAmelia
73%
25AAva
73%
76DDaisy
73%
189EElle
73%
93LLara
73%
89LLaura
73%
89RRose
73%
160AAlex
70%
180AAlexa
70%
67AAlice
70%
11EElla
70%
13EEllie
70%
10EEva
70%
62EEve
70%
2GGrace
70%
70KKate
70%
12KKatie
70%
189KKaty
70%
93MMaria
70%
38RRebecca
70%
98RRebekah
70%
93SSofia
70%
4SSophia
70%
180ZZofia
70%
78BBeth
67%
34CCharlotte
67%
6CChloe
67%
42HHollie
67%
27HHolly
67%
246IIsabel
67%
68JJulia
67%
189KKhloe
67%
160SSara
67%
19SSarah
67%
51ZZara
67%
93AAlexandra
63%
70BBethany
63%
36CCaitlin
63%
207CCaitlyn
63%
23CCara
63%
20EErin
63%
70GGeorgia
63%
35IIsabella
63%
132IIsabelle
63%
48IIsla
63%
154JJorga
63%
189KKaitlyn
63%
106KKara
63%
118KKatelyn
63%
224MMaia
63%
106MMaja
63%
59MMollie
63%
26MMolly
63%
54MMya
63%
127AAlesha
60%
127AAlicia
60%
189AAlisha
60%
45AAnnie
60%
82BBella
60%
98CClara
60%
224JJennifer
60%
8JJessica
60%
56LLauren
60%
127LLucie
60%
6LLucy
60%
142MMaddison
60%
54MMadison
60%
132MMaya
60%
16MMia
60%
277NNia
60%
207RRachael
60%
49RRachel
60%
1SSophie
60%
78VVictoria
60%
45ZZoe
60%
246ZZoey
60%
100AAlexis
57%
246CCarla
57%
51EEllen
57%
43FFaith
57%
23LLeah
57%
123LLydia
57%
62NNicole
57%
106RRosie
57%
27AAimee
53%
29AAmy
53%
224AAnnabel
53%
123AAnnabelle
53%
180BBrianna
53%
70CCiara
53%
189EElsie
53%
246FFiona
53%
180HHope
53%
246JJane
53%
135LLayla
53%
224LLeyla
53%
118LLola
53%
44MMaisie
53%
160MMaisy
53%
160MMelissa
53%
84OOrla
53%
168RRosa
53%
189AAaliyah
50%
246AAliyah
50%
224AArianna
50%
30EEvie
50%
277FFrancesca
50%
62FFreya
50%
106GGracie
50%
40KKayla
50%
246MMargaret
50%
114WWillow
50%
142AAlana
47%
168AAlanna
47%
135AAlannah
47%
15AAoife
47%
49CCora
47%
160DDanielle
47%
277EEvelyn
47%
69HHeidi
47%
127JJasmine
47%
207LLana
47%
224MMillie
47%
18RRuby
47%
277BBonnie
43%
246GGabriela
43%
207GGabriella
43%
100LLacey
43%
277NNatalie
43%
224NNeve
43%
21NNiamh
43%
47PPoppy
43%
62SSaoirse
43%
189SSorcha
43%
189AAmelie
40%
189CCharley
40%
277CCharlie
40%
246CClaire
40%
277GGeorgina
40%
277KKylie
40%
142LLena
40%
246LLila
40%
189MMaggie
40%
32MMegan
40%
277MMeghan
40%
277MMichelle
40%
84NNaomi
40%
189NNina
40%
82PPhoebe
40%
106AAmber
37%
154CCarly
37%
106CCassie
37%
89CConnie
37%
135EEden
37%
246EElise
37%
246ERElla-Rose
37%
246EMEllie-Mae
37%
100EEmilia
37%
180EEsther
37%
84FFaye
37%
147HHayley
37%
89LLucia
37%
147MMaeve
37%
246MMorgan
37%
207NNatalia
37%
180NNicola
37%
224NNikola
37%
142TTara
37%
78AAine
33%
224AAngel
33%
41BBrooke
33%
93CCasey
33%
62CClodagh
33%
277EElena
33%
114IImogen
33%
114KKacey
33%
123KKaci
33%
142KKacie
33%
277KKaylee
33%
114KKayleigh
33%
51LLexi
33%
84LLexie
33%
160LRLily-Rose
33%
277MMaci
33%
180MMacie
33%
246MMacy
33%
207RRoisin
33%
224SSinead
33%
147TTaylor
33%
160TTia
33%
277YYasmin
33%
168AAoibh
30%
168AAoibhe
30%
224AAutumn
30%
31CCaoimhe
30%
207EEloise
30%
224EEmer
30%
224GGeorgie
30%
277HHallie
30%
168IIona
30%
147JJenna
30%
246JJessie
30%
246JJoanna
30%
135MMartha
30%
207NNadia
30%
147PPaige
30%
75SSummer
30%
106AAoibheann
27%
207AAoibhin
27%
168AAoibhinn
27%
224BBeatrice
27%
277BBillie
27%
277CChelsea
27%
82FFarrah
27%
277IIndia
27%
189KKelsey
27%
154KKyla
27%
277LLottie
27%
147MMatilda
27%
189SSamantha
27%
147SSavannah
27%
59SScarlett
27%
76SShannon
27%
207TThea
27%
224VVanessa
27%
277AAlyssa
23%
189DDarcey
23%
160DDarcie
23%
70DDarcy
23%
207GGemma
23%
246KKerry
23%
168LLois
23%
277NNatasha
23%
118OOrlaith
23%
154PPippa
23%
100RRobyn
23%
57SSienna
23%
207AAisling
20%
277CColleen
20%
224DDemi
20%
59EEabha
20%
57EEimear
20%
224GGrainne
20%
277KKeeley
20%
246KKyra
20%
207PPenny
20%
246RRiley
20%
189BBronagh
17%
224CClaudia
17%
168CCourtney
17%
277EEimhear
17%
118JJodie
17%
224LLaoise
17%
277LLeona
17%
277LLibby
17%
100MMeabh
17%
132MMichaela
17%
246RRihanna
17%
189RRiona
17%
246SShauna
17%
135SSkye
17%
100CCliodhna
13%
277OOrlagh
13%
277TTiana
13%
246TTianna
13%
180ZZuzanna
13%
168CCadhla
10%
123CCaragh
10%
207CCarragh
10%
168DDearbhla
10%
277EEilidh
10%
207EEireann
10%
246EEirinn
10%
277FFianna
10%
154RRoise
10%
207SSasha
10%
277TTori
10%
246AAideen
7%
168BBlathnaid
7%
135MMiley
7%
207TTilly
7%
224BBlaithin
3%
246CCarys
3%
246CCerys
3%
246NNaoise
3%
246SShania
3%
277SSiofra
3%
207WWiktoria
3%

Score Distribution

Percentile by Number Answered

Percent of People with Each Score

Your Score History

You have not taken this quiz